[Event "Ch NATO (team)"]
[Site "masterchessopen.com Hammelburg (Germany)"]
[Round "0"]
[White "Michaelsen Nils (GER)"]
[Black "Deleyn Gunter (BEL)"]
[Result "1-0"]
[WhiteElo "2412"]
[BlackElo "2250"]

1.d4 Nf6 2.c4 e6 3.Nc3 Bb4 4.Qc2 d6 5.a3 Bxc3+ 6.Qxc3 O-O 7.Bg5 Nbd7 8.e3 b6
9.Bd3 Bb7 10.f3 Qe7 11.Ne2 c5 12.O-O Rfc8 13.Qd2 Nf8 14.e4 cxd4 15.Nxd4 Ng6
16.Rac1 h6 17.Be3 Ne5 18.Be2 Rd8 19.Qb4 Rac8 20.Rfd1 Ba8 21.a4 Qb7 22.Bf2 d5
23.cxd5 exd5 24.Rxc8 Rxc8 25.Nf5 Rc2 26.Bf1 Ng6 27.Qb3 Rc8 28.Nd6 {#r} 1-0

[Event "?"]
[Site "masterchessopen.com Helsinki (Finland)"]
[Round "0"]
[White "Lindstedt Johan (FIN)"]
[Black "Lehikoinen Pertti Ilari (FIN)"]
[Result "1-0"]
[WhiteElo "2243"]
[BlackElo "2217"]

1.d4 Nf6 2.c4 e6 3.Nc3 Bb4 4.Qc2 d6 5.a3 Bxc3+ 6.Qxc3 Nbd7 7.Nf3 b6 8.g3 Bb7
9.Bg2 O-O 10.O-O c5 11.b3 Qe7 12.Bb2 Rad8 13.dxc5 Nxc5 14.Rad1 e5 15.Nh4 Bxg2
16.Nxg2 Qe6 17.Ne3 Qh3 18.Qc2 h5 19.b4 Nce4 20.f3 Nxg3 21.Rf2 Nge4 22.Rg2 d5
23.Bxe5 Rfe8 24.Bd4 dxc4 25.Nf1 Ng4 26.fxg4 hxg4 27.Ng3 Qh7 28.Nxe4 Rxe4
29.Qxc4 Qf5 30.Rf2 Qd7 31.e3 g3 32.hxg3 Rxe3 33.Bxe3 Qxd1+ 34.Kg2 Qh5 35.Rf1
Re8 36.Qd3 Qe5 37.Bf4 Qe7 38.Qf3 a5 39.b5 Rc8 40.Rf2 Qd7 41.a4 Rc4 42.Rd2 Qc8
43.Be3 Qc7 44.Qd5 Rc2 {#r} 1-0

[Event "It (open)"]
[Site "masterchessopen.com Lugano (Switzerland)"]
[Round "1"]
[White "Barbero Gerardo F (ARG)"]
[Black "Assmann Thomas (GER)"]
[Result "1-0"]
[WhiteElo "2475"]
[BlackElo "2335"]

1.d4 Nf6 2.c4 e6 3.Nc3 Bb4 4.Qc2 d6 5.Nf3 Nbd7 6.Bd2 O-O 7.a3 Bxc3 8.Bxc3 Qe7
9.e4 e5 10.d5 a5 11.b4 b6 12.Bd3 axb4 13.axb4 Rxa1+ 14.Bxa1 Bb7 15.O-O Ra8
16.Bb2 Qd8 17.g3 Nh5 18.Ne1 g6 19.f4 c5 20.fxe5 Nxe5 21.bxc5 bxc5 22.Bxe5 dxe5
23.Qb2 Qc7 24.Be2 Ng7 25.Nd3 f5 26.Qxe5 Qxe5 27.Nxe5 fxe4 28.Nd7 Rc8 29.Nf6+
Kh8 30.Nxe4 Nf5 31.Bg4 Ba6 32.Bxf5 gxf5 33.Nd6 Rb8 34.Ra1 Rb6 35.Nxf5 {#r} 1-0

[Event "It (active)"]
[Site "masterchessopen.com Madrid (Spain)"]
[Round "0"]
[White "Hjartarson Johann (ISL)"]
[Black "Chernin Alexander (HUN)"]
[Result "1-0"]
[WhiteElo "2555"]
[BlackElo "2580"]

1.d4 Nf6 2.c4 e6 3.Nc3 Bb4 4.Qc2 d6 5.Bg5 Nbd7 6.e3 b6 7.Bd3 Bb7 8.f3 c5 9.Ne2
cxd4 10.exd4 h6 11.Bh4 d5 12.cxd5 Bxd5 13.O-O Be7 14.Rac1 O-O 15.Qd2 Bb7
16.Bb1 Re8 17.Rfd1 Nd5 18.Nxd5 Bxd5 19.Bg3 Bg5 20.Qd3 Nf8 21.Rc3 Rc8 22.Bc2
Qd7 23.h4 Bf6 24.Bf2 b5 25.b3 b4 26.Rxc8 Rxc8 27.Bb1 Qd8 28.h5 Bg5 29.f4 Bh4
30.Qh3 Bxf2+ 31.Kxf2 Bb7 32.Bd3 Nd7 33.f5 Qf6 34.Kg1 e5 35.Qg4 exd4 36.Qxd4
Qg5 37.Nf4 Nf6 38.Bc4 Qxf5 39.Ng6 Re8 40.Rf1 Qg5 41.Nf4 a5 42.Qa7 Re7 43.Qb8+
Ne8 44.Bxf7+ Kxf7 45.Nh3+ Qf6 46.Rxf6+ Nxf6 47.Nf4 Be4 48.Qb5 Ng4 49.Qc4+ Kf6
50.Nd5+ Bxd5 51.Qxg4 Be6 52.Qh4+ Kf7 53.Qf4+ Ke8 54.Qe5 a4 55.bxa4 Bxa2
56.Qb5+ Kf8 57.Qxb4 Bd5 58.a5 Kf7 59.Qf4+ Ke6 60.a6 Rf7 61.Qe3+ Kd6 62.a7 Re7
63.Qd4 Ke6 64.Qxd5+ Kxd5 65.a8=Q+ Ke6 66.Kf2 Kf7 67.Kf3 Re5 68.Qb7+ Kf6 69.g4
Rg5 70.Kf4 Ke6 71.Qc7 Kf6 72.Qd8+ Kf7 73.Qxg5 hxg5+ 74.Kxg5 Kf8 75.Kg6 Kg8
76.h6 gxh6 77.Kxh6 Kf7 78.g5 Kg8 79.Kg6 Kf8 80.Kh7 Ke7 81.g6 Kf6 82.g7 Ke5
83.g8=Q Ke4 84.Qd8 Ke5 85.Qd4+ Kf5 86.Qe3 Kf6 87.Qe4 Kg5 88.Qf3 Kh4 89.Qg2 Kh5
90.Qg6+ Kh4 91.Kh6 Kh3 92.Kh5 Kh2 93.Kh4 Kh1 94.Qc2 Kg1 95.Kg3 {#r} 1-0

[Event "It"]
[Site "masterchessopen.com Philadelphia (USA)"]
[Round "3"]
[White "Szmetan Ricardo (BAR)"]
[Black "Dehmelt Karl (USA)"]
[Result "0-1"]
[WhiteElo "2184"]
[BlackElo "2278"]

1.d4 Nf6 2.c4 e6 3.Nc3 Bb4 4.Qc2 d6 5.a3 Bxc3+ 6.Qxc3 O-O 7.Bg5 Nbd7 8.e3 b6
9.Bd3 Bb7 10.f3 c5 11.Ne2 e5 12.O-O h6 13.Bh4 Qc7 14.d5 Rfe8 15.Bc2 b5 16.b3
a5 17.a4 bxc4 18.bxc4 Ba6 19.g4 e4 20.Bxf6 Nxf6 21.Nf4 Qe7 22.fxe4 Nxg4 23.h3
Ne5 24.Rab1 Bxc4 25.Rf2 Reb8 26.Rxb8+ Rxb8 27.Qxa5 Qb7 28.Kg2 Ra8 29.Qe1 Qb4
30.Qd1 Qc3 31.Qb1 Qb4 32.Qd1 Rb8 33.Nh5 Qc3 34.Ng3 g6 35.Qd2 Qxd2 36.Rxd2 Rb2
37.Rf2 Ra2 38.Bd1 Ra1 39.Bc2 Ra3 40.Ne2 Rxe3 41.Ng3 Ra3 42.Bd1 Kf8 43.Rb2 Nd3
44.Rd2 Nf4+ 45.Kh2 Rd3 46.Rxd3 Bxd3 47.a5 Ke7 48.Bc2 Bxc2 49.a6 Nxd5 50.exd5
Bb3 {#R} 0-1

[Event "It (cat.9)"]
[Site "masterchessopen.com Reykjavik (Iceland)"]
[Round "1"]
[White "Thorsteins Karl (ISL)"]
[Black "Balashov Yuri S (RUS)"]
[Result "1/2-1/2"]
[WhiteElo "2445"]
[BlackElo "2535"]

1.d4 Nf6 2.c4 e6 3.Nc3 Bb4 4.Qc2 d6 5.Bg5 Nbd7 6.e3 h6 7.Bh4 Qe7 8.Ne2 c6 9.a3
Ba5 10.O-O-O g5 11.Bg3 Nh5 12.Kb1 Nxg3 13.Nxg3 Nf6 14.d5 Bd7 15.dxe6 {#d}
1/2-1/2

[Event "Ch Club URS (team) (1/2 final)"]
[Site "masterchessopen.com Roslavl (Russia)"]
[Round "0"]
[White "Skomorokhin Roman (RUS)"]
[Black "Volkov Nikolai (RUS)"]
[Result "0-1"]
[WhiteElo "2376"]
[BlackElo "2161"]

1.d4 Nf6 2.c4 e6 3.Nc3 Bb4 4.Qc2 d6 5.Bg5 Nbd7 6.e3 h6 7.Bh4 O-O 8.Bd3 Bxc3+
9.Qxc3 e5 10.Ne2 Re8 11.O-O a5 12.Rad1 Qe7 13.Bb1 Nf8 14.Rd2 Ng6 15.Bxg6 fxg6
16.f3 g5 17.dxe5 dxe5 18.Bf2 g4 19.Bh4 g5 20.Bg3 gxf3 21.gxf3 Bh3 22.Rfd1 Ra6
23.c5 Kg7 24.a3 a4 25.Qb4 Rc6 26.Qxb7 Qxc5 27.Bf2 Rb6 28.Qa7 Qc6 29.e4 Ra8
30.Bxb6 Rxa7 31.Bxa7 g4 32.Rc1 Qb7 33.Rdc2 Qxa7+ 34.Kh1 Qf2 35.Nf4 Qxf3+
36.Ng2 c5 {#R} 0-1

[Event "It (cat.11)"]
[Site "masterchessopen.com Santiago (Chile)"]
[Round "6"]
[White "Cifuentes Parada Roberto (ESP)"]
[Black "Panno Oscar (ARG)"]
[Result "1-0"]
[WhiteElo "2470"]
[BlackElo "2500"]

1.d4 e6 2.c4 Nf6 3.Nc3 Bb4 4.Qc2 d6 5.a3 Bxc3+ 6.Qxc3 Nbd7 7.g3 O-O 8.Bg2 Re8
9.Nf3 a5 10.b3 e5 11.dxe5 dxe5 12.O-O Qe7 13.Bb2 Ne4 14.Qc2 Ng5 15.Qc3 Ne4
16.Qe3 Nec5 17.Rad1 f6 18.Nd2 Nf8 19.Ne4 Nxe4 20.Bxe4 c6 21.a4 Bh3 22.Rfe1
Red8 23.Bc3 Ne6 24.Bc2 Rxd1 25.Rxd1 Nc5 26.f4 Nd7 27.f5 Bg4 28.Kg2 Nc5 29.h3
Bh5 30.g4 Be8 31.g5 b6 32.gxf6 gxf6 33.Kh1 Kh8 34.Qh6 Bf7 35.Be1 Rf8 36.Bh4
Bg8 37.Qd2 Qg7 38.Kh2 Rf7 39.Qd8 Qh6 40.Rg1 Rf8 41.Qxb6 Nxb3 42.Rg4 Nd2
43.Qxc6 Nxc4 44.Rxg8+ Kxg8 45.Qxc4+ Kg7 46.Qg4+ Kh8 47.Bb3 Rb8 48.Be6 Qf8
49.Qg3 Qh6 50.Qg4 Qf8 51.Qc4 {#r} 1-0

[Event "It (open)"]
[Site "masterchessopen.com Warsaw (Poland)"]
[Round "0"]
[White "Rotstein Arkadij (GER)"]
[Black "Panczyk Krzysztof (POL)"]
[Result "0-1"]
[WhiteElo "2515"]
[BlackElo "2352"]

1.c4 e6 2.d4 Nf6 3.Nc3 Bb4 4.Qc2 d6 5.Bg5 Nbd7 6.e4 h6 7.Bh4 e5 8.a3 Bxc3+
9.bxc3 exd4 10.cxd4 c5 11.d5 Qa5+ 12.Kd1 O-O 13.Bd3 b5 14.cxb5 a6 15.b6 c4
16.Qxc4 Qxb6 17.Rb1 Qa7 18.Nf3 Ng4 19.Ke2 f5 20.Qd4 Nc5 21.h3 fxe4 22.hxg4
Bxg4 23.Kf1 exf3 24.Qxg4 fxg2+ 25.Kxg2 Nxd3 26.f3 Rae8 27.Bg3 Re2+ 28.Kh3 Qf7
29.Rhf1 Qxd5 30.Rb6 Rf5 31.Kh4 Rg5 32.Qc8+ Kh7 33.Kh3 Rh5+ 34.Bh4 Nf4+ 35.Kg4
Rg2+ {#R} 0-1

[Event "It (open)"]
[Site "masterchessopen.com Aosta (Italy)"]
[Round "0"]
[White "Flear Glenn C (ENG)"]
[Black "Aleksic Nenad (MNE)"]
[Result "1-0"]
[WhiteElo "2470"]
[BlackElo "2012"]

1.d4 Nf6 2.c4 e6 3.Nc3 Bb4 4.Qc2 d6 5.Bg5 Nbd7 6.e3 b6 7.Ne2 Bb7 8.a3 Bxc3+
9.Nxc3 h6 10.Bh4 g5 11.Bg3 Nh5 12.O-O-O Qe7 13.Qa4 Kf8 14.e4 Kg7 15.Be2 Nxg3
16.hxg3 c5 17.d5 e5 18.Bg4 Nf6 19.Bf5 a6 20.Qc2 Bc8 21.Bxc8 Raxc8 22.Rde1 Qd7
23.Nd1 Ng8 24.Ne3 Ne7 25.f4 gxf4 26.gxf4 exf4 27.Qc3+ Kg8 28.Nf5 Nxf5 29.Qh3
Qe7 30.Qxf5 Re8 31.Rh5 Qe5 32.Qg4+ Qg7 33.Qxf4 Re5 34.Rxe5 Qxe5 35.Qxe5 dxe5
36.Re3 Kg7 37.Rb3 Rb8 38.a4 Kg6 39.a5 b5 40.cxb5 axb5 41.a6 f5 42.Rg3+ Kf6
43.Rf3 f4 44.a7 Ra8 45.Ra3 h5 46.Kd2 h4 47.Ra6+ Kg5 48.Ke2 c4 49.Kf3 b4 50.Re6
Rxa7 51.Rxe5+ Kf6 52.Kxf4 Rc7 53.Re6+ Kf7 54.Rh6 Rc8 55.Rxh4 c3 56.bxc3 bxc3
57.Rh1 c2 58.Rc1 Ke7 59.Ke5 Kd7 60.g4 {#r} 1-0

[Event "It (cat.13)"]
[Site "masterchessopen.com Beer-Sheva (Israel)"]
[Round "6"]
[White "Greenfeld Alon (ISR)"]
[Black "Smyslov Vassily (RUS)"]
[Result "1/2-1/2"]
[WhiteElo "2573"]
[BlackElo "2570"]

1.d4 Nf6 2.c4 e6 3.Nc3 Bb4 4.Qc2 d6 5.Bg5 c5 6.e3 h6 7.Bh4 Nc6 8.dxc5 dxc5
9.a3 Bxc3+ 10.Qxc3 e5 11.Bd3 Qa5 12.Ne2 Be6 13.Bxf6 {#d} 1/2-1/2

[Event "It (open)"]
[Site "masterchessopen.com Bela Crkva (Yugoslavia)"]
[Round "3"]
[White "Arkhangelsky Boris (RUS)"]
[Black "Pavlovic Milos (SRB)"]
[Result "1/2-1/2"]
[WhiteElo "2237"]
[BlackElo "2531"]

1.d4 Nf6 2.c4 e6 3.Nc3 Bb4 4.Qc2 d6 5.Bg5 Nbd7 6.Nf3 Qe7 7.a3 Bxc3+ 8.Qxc3 h6
9.Bh4 b6 10.e3 Bb7 11.Be2 g5 12.Bg3 Ne4 13.Qc2 f5 14.d5 c5 15.dxc6 Bxc6 16.Nd4
Bb7 17.f3 Nxg3 18.hxg3 Nf6 19.Rd1 Kf7 20.Kf2 Rad8 21.Qa4 Ba8 22.Rd2 h5 23.Nb5
Rd7 24.Qb4 Rhd8 25.Rhd1 a5 26.Qb3 h4 27.gxh4 g4 28.Rh1 Rh8 29.Qd1 d5 30.Nc3
gxf3 31.gxf3 f4 32.exf4 d4 33.Rxd4 Qc5 34.Nb5 Rhd8 35.b4 axb4 36.axb4 Qxb4
37.Rxd7+ Rxd7 38.Qc1 Rd2 39.Qa3 Qxa3 40.Nxa3 Nh5 41.Rd1 Ra2 42.Nb1 Nxf4 43.Rd2
Ra4 44.Bf1 Ng6 45.h5 Ne5 46.Rd4 Kg7 47.Rf4 b5 48.Nc3 Ra3 49.Nxb5 Rxf3+ 50.Rxf3
Bxf3 51.Nd4 Bxh5 52.Nxe6+ Kf6 53.Nd4 Ng4+ {#d} 1/2-1/2

[Event "It \"]
[Site "masterchessopen.com Budapest (Hungary)"]
[Round "0"]
[White "Horvath Csaba (HUN)"]
[Black "Fauland Alexander (AUT)"]
[Result "1-0"]
[WhiteElo "2480"]
[BlackElo "2452"]

1.d4 Nf6 2.c4 e6 3.Nc3 Bb4 4.Qc2 d6 5.Bg5 Nbd7 6.e3 c5 7.Bd3 Qa5 8.Nf3 cxd4
9.exd4 Bxc3+ 10.bxc3 b6 11.Rb1 Bb7 12.Rb5 Qa3 13.Bc1 Qa6 14.Rg5 Bxf3 15.gxf3
g6 16.c5 Qb7 17.cxd6 Qxf3 18.Rhg1 Rc8 19.c4 O-O 20.Qe2 Qxe2+ 21.Kxe2 Rc6
22.Ba3 Rfc8 23.Rc1 a6 24.f4 Ne8 25.c5 Nxd6 26.d5 exd5 27.cxd6 Rxc1 28.Bxc1
Rxc1 29.Bf5 Nb8 30.d7 Nc6 31.Bd3 Kf8 32.Re5 f6 33.Re8+ Kf7 {#r} 1-0

[Event "It \"]
[Site "masterchessopen.com Budapest (Hungary)"]
[Round "0"]
[White "Horvath Csaba (HUN)"]
[Black "Lau Ralf (GER)"]
[Result "1-0"]
[WhiteElo "2480"]
[BlackElo "2460"]

1.d4 Nf6 2.c4 e6 3.Nc3 Bb4 4.Qc2 d6 5.Nf3 O-O 6.g3 b6 7.Bg2 Bb7 8.O-O Bxc3
9.Qxc3 Nbd7 10.Rd1 Qe7 11.b3 Rfd8 12.Bb2 c5 13.Rac1 Rac8 14.Qe3 cxd4 15.Qxd4
Nc5 16.Qh4 Nce4 17.Nd2 Rc7 18.Nxe4 Nxe4 19.Qxe7 Rxe7 20.Rd4 f5 21.Rcd1 Red7
22.g4 e5 23.R4d3 fxg4 24.Bxe5 Bc6 25.Bxd6 Rxd6 26.Bxe4 Rxd3 27.Rxd3 Rc8 28.Bf5
Re8 29.Bxg4 {#r} 1-0

[Event "Ch Israel"]
[Site "masterchessopen.com Israel"]
[Round "0"]
[White "Lev Ronen (ISR)"]
[Black "Kosashvili Yona (ISR)"]
[Result "1-0"]
[WhiteElo "2390"]
[BlackElo "2520"]

1.d4 Nf6 2.c4 e6 3.Nc3 Bb4 4.Qc2 d6 5.Nf3 O-O 6.Bd2 Nc6 7.a3 Bxc3 8.Bxc3 Qe7
9.e3 e5 10.d5 Nb8 11.Nd2 c6 12.dxc6 bxc6 13.Bd3 a5 14.b3 c5 15.Ne4 Nbd7 16.Qd2
a4 17.Nxd6 axb3 18.O-O Ba6 19.Rfd1 Rfb8 20.a4 b2 21.Bxb2 Qxd6 22.Bxh7+ Kxh7
23.Qc2+ Kg8 24.Rxd6 Bxc4 25.Qxc4 Rxb2 26.f3 Rb4 27.Qc2 Ra5 28.Rdd1 e4 29.Rdb1
exf3 30.gxf3 Rh4 31.Rb5 Ra6 32.a5 Nd5 33.Qd3 Rh5 34.Rd1 Rd6 35.Qe4 Rg6+
36.Qxg6 fxg6 37.a6 N7b6 38.a7 Kf7 39.e4 Rg5+ 40.Kf2 Nc3 41.Rxb6 Nxd1+ 42.Ke1
Rg1+ 43.Kd2 Rg2+ 44.Kxd1 Ra2 45.Rb7+ Kf6 46.h4 Ke5 47.Rxg7 c4 48.Kc1 Kd4
49.Rd7+ Kc3 50.Kd1 Ra1+ 51.Ke2 Ra5 52.f4 Kb4 53.e5 Ra2+ 54.Ke3 Ra6 55.Kd4 {#r}
1-0

[Event "It (open)"]
[Site "masterchessopen.com Kecskemet (Hungary)"]
[Round "0"]
[White "Effert Kai (GER)"]
[Black "Vukanovic Sasa (SRB)"]
[Result "1/2-1/2"]
[WhiteElo "2275"]
[BlackElo "2339"]

1.d4 Nf6 2.c4 e6 3.Nc3 Bb4 4.Qc2 d6 5.Bd2 O-O 6.a3 Bxc3 7.Bxc3 Nbd7 8.Nf3 Qe7
9.e3 b6 10.Be2 Bb7 11.O-O Ne4 12.Nd2 Nxc3 13.Qxc3 f5 14.Bf3 Bxf3 15.Nxf3 Rf6
16.Rfe1 Raf8 {#d} 1/2-1/2

[Event "It"]
[Site "masterchessopen.com Munich (Germany)"]
[Round "0"]
[White "Gulko Boris F (USA)"]
[Black "Bischoff Klaus (GER)"]
[Result "1/2-1/2"]
[WhiteElo "2600"]
[BlackElo "2505"]

1.d4 Nf6 2.c4 e6 3.Nc3 Bb4 4.Qc2 d6 5.Bg5 Nbd7 6.e3 c5 7.Bd3 Qa5 8.Nf3 cxd4
9.exd4 Bxc3+ 10.bxc3 Qc7 11.O-O O-O 12.Rfe1 b6 13.Nd2 Bb7 14.Rac1 Rfe8 15.Qa4
h6 16.Be3 d5 17.cxd5 Nxd5 18.c4 Nxe3 19.fxe3 e5 20.Be4 Bxe4 21.Nxe4 exd4
22.exd4 Rad8 23.Qa3 Re6 24.Qg3 Qxg3 25.Nxg3 Nf6 26.Rxe6 {#d} 1/2-1/2

[Event "Olympiad"]
[Site "masterchessopen.com Novi Sad (Yugoslavia)"]
[Round "0"]
[White "Alzate Dario (COL)"]
[Black "Bischoff Klaus (GER)"]
[Result "0-1"]
[WhiteElo "2365"]
[BlackElo "2505"]

1.d4 Nf6 2.c4 e6 3.Nc3 Bb4 4.Qc2 d6 5.Bd2 c6 6.a3 Ba5 7.b4 Bc7 8.e4 e5 9.dxe5
dxe5 10.Rd1 Qe7 11.Nf3 Nbd7 12.Nh4 g6 13.Nf3 O-O 14.Be2 Nh5 15.g3 Ng7 16.O-O
a5 17.h3 axb4 18.axb4 Nf6 19.Kh2 Ne6 20.Bh6 Re8 21.c5 Nd4 22.Nxd4 exd4 23.Rxd4
Qe6 24.Rh1 Bxg3+ 25.Kg2 Be5 26.Rd3 Ra3 27.Qc1 Rb3 28.b5 Qc4 29.Rf3 Qd4 30.Nd5
Nxe4 31.Be3 Qb2 32.Bc4 cxd5 33.Bxd5 Bf5 34.Qc4 Rxe3 35.Bxf7+ Kg7 36.Rxf5 Rg3+
{#R} 0-1

[Event "Olympiad"]
[Site "masterchessopen.com Novi Sad (Yugoslavia)"]
[Round "0"]
[White "Hansen Curt (DEN)"]
[Black "Fauland Alexander (AUT)"]
[Result "1-0"]
[WhiteElo "2560"]
[BlackElo "2452"]

1.c4 e6 2.d4 Nf6 3.Nc3 Bb4 4.Qc2 d6 5.Bg5 Nbd7 6.e3 c5 7.Bd3 Qa5 8.Nf3 cxd4
9.exd4 Bxc3+ 10.bxc3 Qc7 11.O-O b6 12.a4 a5 13.Nd2 Bb7 14.Nb1 d5 15.Na3 h6
16.Nb5 Qc6 17.Bxf6 Nxf6 18.cxd5 Nxd5 19.Be4 Qd7 20.Qe2 O-O 21.c4 Nb4 22.Bxb7
Qxb7 23.Ra3 Rad8 24.Rd1 Rfe8 25.h3 Nc6 26.Re3 Ne7 27.Nc3 Qc7 28.d5 e5 29.f4 f6
30.Kh1 Nc8 31.Nb5 Qc5 32.Nd4 e4 33.Nc6 f5 34.Rg3 Rd6 35.Qh5 Rf8 36.Nd4 Ne7
37.Ne6 Rxe6 38.dxe6 Qf2 39.Rd8 Qxg3 40.Rxf8+ Kh7 41.Qe8 Ng6 42.e7 {#r} 1-0

[Event "It (cat.10) \"]
[Site "masterchessopen.com Novy Smokovec (Slovakia)"]
[Round "6"]
[White "Smagin Sergey (RUS)"]
[Black "Knezevic Milorad (SRB)"]
[Result "1/2-1/2"]
[WhiteElo "2520"]
[BlackElo "2212"]

1.d4 Nf6 2.c4 e6 3.Nc3 Bb4 4.Qc2 d6 5.Nf3 c6 6.e4 e5 7.Bd3 Nbd7 8.a3 Ba5 9.O-O
O-O 10.b4 Bc7 11.Bg5 Re8 12.Rad1 h6 13.Bh4 Nf8 14.Be2 Qe7 15.c5 exd4 16.cxd6
Bxd6 17.Rxd4 Ng6 18.Bg3 Bxg3 19.hxg3 Bg4 20.Rfd1 Rad8 21.Rxd8 {#d} 1/2-1/2

[Event "It (active)"]
[Site "masterchessopen.com Nuremberg (Germany)"]
[Round "0"]
[White "Hort Vlastimil (GER)"]
[Black "Bischoff Klaus (GER)"]
[Result "1/2-1/2"]
[WhiteElo "2545"]
[BlackElo "2505"]

1.d4 Nf6 2.c4 e6 3.Nc3 Bb4 4.Qc2 d6 5.g3 O-O 6.Bg2 e5 7.Nf3 exd4 8.Nxd4 c5
9.Nf3 Nc6 10.O-O Bg4 11.Be3 Re8 12.Rad1 Qe7 13.a3 Bxc3 14.Qxc3 Rad8 15.Qc2 h6
16.Rfe1 Qe6 17.b3 Bf5 18.Qb2 Be4 19.Bf1 b6 20.Nd2 Bg6 21.Nf3 Be4 22.Nd2 Bg6
23.Nf3 {#d} 1/2-1/2

[Event "Ch Paris (open)"]
[Site "masterchessopen.com Paris (France)"]
[Round "0"]
[White "Cairou Yannick (FRA)"]
[Black "Michalet Guy (FRA)"]
[Result "0-1"]
[WhiteElo "2095"]
[BlackElo "2176"]

1.d4 Nf6 2.c4 e6 3.Nc3 Bb4 4.Qc2 d6 5.f3 Nc6 6.e3 O-O 7.Bd2 e5 8.Nge2 d5
9.dxe5 Nxe5 10.cxd5 Nxd5 11.O-O-O Nb6 12.Nb5 Bxd2+ 13.Rxd2 Bd7 14.Ng3 a6
15.Nd4 g6 16.Be2 c5 17.Nb3 c4 18.Nc5 Rc8 19.Nge4 f5 20.Rxd7 Nbxd7 21.Ne6 Qb6
22.Nxf8 Qxe3+ 23.Qd2 Qxd2+ 24.Kxd2 Kxf8 25.Nf2 b5 26.Rc1 Nb6 27.Kc2 Nd5 28.g3
Rd8 29.f4 Ne3+ 30.Kb1 Rd2 31.Re1 N5g4 32.Bxg4 Rxf2 33.Rxe3 fxg4 34.Re6 Rxh2
35.Rxa6 Rg2 36.Ra5 Rxg3 37.Rxb5 h5 {#R} 0-1

[Event "Ch URS (w)"]
[Site "masterchessopen.com Podolsk (Russia)"]
[Round "0"]
[White "Umanskaya Irina (RUS)"]
[Black "Pudkova Tatiana N (RUS)"]
[Result "1-0"]
[WhiteElo "2313"]
[BlackElo "2150"]

1.d4 Nf6 2.c4 e6 3.Nc3 Bb4 4.Qc2 d6 5.a3 Bxc3+ 6.Qxc3 O-O 7.Bg5 Nbd7 8.Nf3 h6
9.Bh4 Qe8 10.e3 b6 11.Nd2 Bb7 12.f3 c5 13.dxc5 dxc5 14.Be2 e5 15.O-O Qe6
16.Rad1 Rfe8 17.Qc2 Nf8 18.Nb1 Ng6 19.Bf2 e4 20.f4 Qc6 21.g3 Rad8 22.Rd2 Rd3
23.Rfd1 Red8 24.Nc3 h5 25.Bf1 Rxd2 26.Rxd2 Rxd2 27.Qxd2 Qd7 28.Qxd7 Nxd7
29.Nb5 a6 30.Nd6 Bc6 31.Nc8 Kf8 32.Nxb6 Ne7 33.h3 Ke8 34.Be1 g6 35.Be2 Nf5
36.Kf2 Nd6 37.Bc3 Ke7 38.Nxd7 Kxd7 39.b3 Nb7 40.Ke1 Ke6 41.Kd2 f6 42.Kc2 Nd6
43.g4 hxg4 44.hxg4 Nf7 45.Be1 Nd6 46.Bc3 f5 47.Ba5 fxg4 48.Bxg4+ Nf5 49.Bd2
Kd6 50.Kc3 Bd7 51.Bd1 Kc6 52.Bc2 Nd6 53.Be1 Kb6 54.Bh4 Bc6 55.Bd8+ Kb7 56.Be7
Kc7 57.Bxd6+ Kxd6 58.b4 Bb7 59.Ba4 Bc8 60.Be8 Bf5 61.Kb3 Ke7 62.Bc6 Kd6 63.Bb7
a5 64.bxa5 Kc7 65.Bd5 Kb8 66.Bc6 Kc7 67.Be8 Kd8 68.a6 Kc7 69.Ka4 {#r} 1-0

[Event "It (open)"]
[Site "masterchessopen.com Pula (Croatia)"]
[Round "0"]
[White "Alexandria Nana (GEO)"]
[Black "Vukanovic Sasa (SRB)"]
[Result "1-0"]
[WhiteElo "2342"]
[BlackElo "2339"]

1.c4 Nf6 2.Nc3 e6 3.d4 Bb4 4.Qc2 d6 5.Bg5 Nbd7 6.e3 c5 7.d5 Qa5 8.dxe6 fxe6
9.Bd3 Bxc3+ 10.bxc3 O-O 11.Nf3 b5 12.cxb5 d5 13.a4 a6 14.b6 c4 15.Be2 Nxb6
16.Bf4 Ne4 17.Be5 Nd7 18.Bd4 Ndc5 19.O-O Bd7 20.Ne5 Bxa4 21.Bg4 Rfe8 22.Qa2
Qc7 23.f3 Bb3 24.Qa3 Nxc3 25.Bxc3 a5 26.Bd4 Nb7 27.Rfc1 Qd8 28.f4 Qh4 29.Bd1
Bxd1 30.Rxd1 g5 31.Nf3 Qg4 32.Nxg5 e5 33.Bxe5 {#r} 1-0

[Event "It (cat.8) \"]
[Site "masterchessopen.com Rimavska Sobota (Slovakia)"]
[Round "6"]
[White "Stohl Igor (SVK)"]
[Black "Mokry Karel (CZE)"]
[Result "1-0"]
[WhiteElo "2525"]
[BlackElo "2420"]

1.d4 Nf6 2.c4 e6 3.Nc3 Bb4 4.Qc2 d6 5.Bg5 Nbd7 6.a3 Bxc3+ 7.Qxc3 h6 8.Bh4 g5
9.Bg3 Ne4 10.Qc2 f5 11.e3 b6 12.f3 Nxg3 13.hxg3 Qf6 14.Bd3 Bb7 15.Ne2 O-O
16.O-O-O c5 17.Kb1 cxd4 18.exd4 Rac8 19.Nc3 a6 20.g4 fxg4 21.fxg4 Qg7 22.Rhe1
Rce8 23.Be4 Nf6 24.Bxb7 Qxb7 25.Rd2 Qh7 26.Qxh7+ Kxh7 27.Rde2 e5 28.dxe5 Rxe5
29.Rxe5 dxe5 30.Rxe5 Nxg4 31.Re7+ Kg6 32.Rb7 Ne3 33.Rxb6+ Rf6 34.c5 Nc4 35.Rb4
Ne3 36.g3 Kf5 37.Rd4 Rc6 38.b4 h5 39.Rd3 Nc4 40.Kc2 h4 41.gxh4 g4 42.Ne2 Rh6
43.h5 Ne5 44.Rd6 Rxd6 45.cxd6 Nf7 46.d7 Ke6 47.h6 Ke7 48.h7 Kxd7 49.Kc3 a5
50.bxa5 Kc6 51.a4 Kb7 52.Kb3 Ka6 53.Kb4 Nh8 54.Ng3 Nf7 55.Kc5 Kxa5 56.Kc6 Ne5+
57.Kc7 {#r} 1-0

[Event "It (open)"]
[Site "masterchessopen.com Toulouse (France)"]
[Round "3"]
[White "Sonntag Hans-Hubert (GER)"]
[Black "Kosten Anthony C (FRA)"]
[Result "1/2-1/2"]
[WhiteElo "2385"]
[BlackElo "2510"]

1.d4 Nf6 2.c4 e6 3.Nc3 Bb4 4.Qc2 d6 5.a3 Bxc3+ 6.Qxc3 O-O 7.Bg5 Nbd7 8.e3 e5
9.Nf3 Re8 10.Be2 h6 11.Bxf6 Qxf6 12.O-O e4 13.Nd2 Qg6 14.Kh1 c6 15.b4 Nf6
16.c5 dxc5 17.bxc5 Be6 18.Nc4 Bxc4 19.Bxc4 Re7 20.Rab1 Rd8 21.Rb2 Qf5 22.Kg1
Rdd7 23.Qc2 Nd5 24.Rfb1 g6 25.Bxd5 Qxd5 26.Rb4 f5 27.Qb3 Qxb3 28.R1xb3 {#d}
1/2-1/2

[Event "It (open)"]
[Site "masterchessopen.com Trnava (Slovakia)"]
[Round "7"]
[White "Kveinys Aloyzas (LTU)"]
[Black "Pavlovic Milos (SRB)"]
[Result "1/2-1/2"]
[WhiteElo "2475"]
[BlackElo "2531"]

1.d4 Nf6 2.c4 e6 3.Nc3 Bb4 4.Qc2 d6 5.a3 Bxc3+ 6.Qxc3 Nbd7 7.Nf3 O-O 8.g3 b6
9.Bg2 Bb7 10.O-O Qe7 11.b4 c5 12.dxc5 bxc5 13.Bb2 a5 14.b5 a4 15.Nd2 Bxg2
16.Kxg2 d5 17.e4 d4 18.Qd3 e5 19.Rae1 Nb6 20.f4 Ng4 21.Kh1 Ne3 22.Rf3 f6 23.f5
Qf7 24.Rc1 Rad8 25.h3 Qh5 26.Kh2 Rd7 27.Qe2 Qf7 28.Qd3 Rfd8 29.Rf2 g5 30.Re2
Qh5 31.Ba1 Kh8 32.Bb2 Rb8 33.Ba1 Rg8 34.Bb2 Rgd8 {#d} 1/2-1/2

[Event "It (open)"]
[Site "masterchessopen.com Vienna (Austria)"]
[Round "5"]
[White "Kohlweyer Bernd (GER)"]
[Black "Gavrikov Viktor (LTU)"]
[Result "0-1"]
[WhiteElo "2458"]
[BlackElo "2580"]

1.d4 Nf6 2.c4 e6 3.Nc3 Bb4 4.Qc2 d6 5.a3 Bxc3+ 6.Qxc3 Nbd7 7.f3 d5 8.cxd5 Nxd5
9.Qd3 O-O 10.e4 N5b6 11.Be3 f5 12.O-O-O Qe7 13.Ne2 fxe4 14.fxe4 e5 15.d5 Nf6
16.h3 c6 17.Nc3 cxd5 18.exd5 Bd7 19.Be2 Rac8 20.d6 Qe6 21.Bxb6 axb6 22.Kb1 Be8
23.Qe3 Rc6 24.Bf3 Bg6+ 25.Ka1 e4 26.Be2 Rxd6 27.Rxd6 Qxd6 28.Rd1 Qe6 29.Rd4
Rc8 30.Qd2 e3 31.Qd1 Qe7 32.Qb3+ Bf7 33.Qxb6 Rxc3 34.bxc3 Qxa3+ 35.Kb1 Qa2+
36.Kc1 Qxe2 37.Rd8+ Ne8 38.Rxe8+ Bxe8 39.Qe6+ Kf8 40.Qf5+ Bf7 41.Qc5+ Ke8
42.Qb5+ Qxb5 {#R} 0-1

[Event "Ch Austria"]
[Site "masterchessopen.com Austria"]
[Round "2"]
[White "Postl Anton (AUT)"]
[Black "Fauland Alexander (AUT)"]
[Result "0-1"]
[WhiteElo "2270"]
[BlackElo "2475"]

1.d4 Nf6 2.c4 e6 3.Nc3 Bb4 4.Qc2 d6 5.a3 Bxc3+ 6.Qxc3 Nbd7 7.f3 O-O 8.e4 Nh5
9.Nh3 f5 10.Bg5 Qe8 11.exf5 exf5+ 12.Qe3 h6 {#R} 0-1